• 首页
  • 本馆介绍
  • 公告通知
  • 最新文献
  • 馆藏检索
  • 电子资源
  • 读者导购
  • 参考咨询
  • 我的图书馆
  • 登录
  • 详细信息显示
  • 放入我的书架
  • 预约/预借图书
  • 作者相关作品
  • 分类相关作品
  • 丛书相关作品
  • 出版社相关作品

书目信息

  • 表格格式
  • 工作单格式
  • 卡片格式
题名:
互联网+医疗
    
 
作者: 王文娟 , 付敏 著
分册:  
出版信息: 北京   经济科学出版社  2018.05
页数: 179页
开本: 23cm
丛书名:
单 册:
中图分类: R199.2-39 , R19-39
科图分类:
主题词: 互联网络--应用--医疗保健事业--研究--中国
电子资源:
ISBN: 978-7-5141-9330-5
000 01023nam0 2200265 450
001 5747
005 20181020154814.71
010    @a978-7-5141-9330-5@dCNY42.00
100    @a20180819d2018 em y0chiy50 ea
101 0  @achi
102    @aCN@b110000
105    @ay z 000yy
200 1  @a互联网+医疗@9hu lian wang + yi liao@dInternet + healthcare@f王文娟,付敏著@zeng
210    @a北京@c经济科学出版社@d2018.05
215    @a179页@d23cm
300    @a国家自然科学基金“基于交易费用理论的我国医药卫生体制协同改革模式研究”
330    @a本书从合约和交易费用的视角,对“互联网+医疗”的内涵及其本质、发展历程、当前国内外理论与实践探索等内容进行了分析,并在此基础上提出了“互联网+医疗”的发展原则、方向和路径。
510 1  @aInternet + healthcare@zeng
606 0  @a互联网络@x应用@x医疗保健事业@x研究@y中国
690    @aR199.2-39@v5
690    @aR19-39@v4
701  0 @a王文娟@9wang wen juan@c(政府管理)@4著
701  0 @a付敏@9fu min@c(公共政策分析)@4著
801  0 @aCN@b91MARC@c20180819
905    @aMuseLib@dR19-39@e268
    
    互联网+医疗=Internet + healthcare/王文娟,付敏著.-北京:经济科学出版社,2018.05
    179页;23cm
    国家自然科学基金“基于交易费用理论的我国医药卫生体制协同改革模式研究”
    
    ISBN 978-7-5141-9330-5:CNY42.00
    本书从合约和交易费用的视角,对“互联网+医疗”的内涵及其本质、发展历程、当前国内外理论与实践探索等内容进行了分析,并在此基础上提出了“互联网+医疗”的发展原则、方向和路径。
●
相关链接 在E读中查询图书 在五车中查询图书 在当当中查询图书 在豆瓣中查询图书


正题名:互联网+医疗     索取号:R19-39/268         预约/预借

序号 登录号 条形码 馆藏地/架位号 状态 备注
1 1131075   211310758   第二样本阅览室/ [索取号:R19-39/268] 在馆    
2 1131076   211310767   第三借阅区/ [索取号:R19-39/268] 在馆    
3 1131077   211310776   第三借阅区/ [索取号:R19-39/268] 在馆    
4 1131078   211310785   第三借阅区/ [索取号:R19-39/268] 在馆    
5 1131079   211310794   第三借阅区/ [索取号:R19-39/268] 在馆    
唐山师范学院图书馆 欢迎您!
大连网信软件有限公司© 版权所有